| 000 | 00533nam a2200193 u 4500 | ||
|---|---|---|---|
| 005 | 20240803063808.0 | ||
| 008 | 100924s2004 es r 000 0 spa d | ||
| 020 | _a8420542601 | ||
| 020 | _a978958699950 | ||
| 035 | _aUPN01000177890 | ||
| 049 | _aCG | ||
| 050 | 4 |
_aPQ6667 A7.3 _bB3.7 |
|
| 100 | 1 |
_aGarcía Oliva, Vicente, _d1944- _931063 |
|
| 245 | 1 | 3 |
_aEl barco de los locos / _cVicente García Oliva. |
| 260 |
_aMadrid : _bPearson Alhambra, _c2004. |
||
| 300 | _a134 p. | ||
| 650 | 4 |
_aNovela española _910814 |
|
| 905 | _aLibro | ||
| 999 |
_c149993 _d149993 |
||